Meilleur switch in a kartana scarf en OU - Statistiques

Statistiques générales
  • Ce quiz a été pris 5 fois
  • Le résultat moyen est 6 sur 11
Statistiques - réponses
pourcentage attaque pokemon % Correct
43%-50% lame sainte noacier
100%
33%-39% lame-feuille predasterie
100%
28%-33% lame-feuille démeteros-totémique
80%
14%-17% estocorne dracolosse
80%
25%-30% sabotage corvaillus
60%
42%-50% lame-feuille bekipan
40%
32%-38% sabotage electhor
40%
42%-50% lame sainte melmetal
40%
28%-33% estocorne mouscoto
40%
41%-48% lame-feuille carchacrok
20%
28%-33% estocorne ekaiser
20%
Aucun quiz correspondant
Distribution des résultats
% des personnes avec chaque résultat
Percentile par nombre de réponses
Votre historique - résultats
Vous n’avez pas pris ce quiz